000 00401nam a2200181Ia 4500
001 17452
005 20260306171518.0
008 260306s9999||||xx |||||||||||||| ||und||
041 _aESP
082 _a658
_bD95
100 _aDrucker, Peter F.
_eAUT
245 0 _aDrucker para todos los días
260 _c2006
300 _a
_c
650 _aGEN
654 _aCAN
942 _cLIB
_dJUS
_fJUS
_2ddc
_n
999 _c17452
_d17452